[Event "European Blitz 2017"]
[Site "Katowice POL"]
[Date "2017.12.15"]
[Round "3.68"]
[White "Krejci, Jan2"]
[Black "Szpar, Milosz"]
[Result "1/2-1/2"]
[WhiteTitle "GM"]
[BlackTitle "FM"]
[WhiteElo "2570"]
[BlackElo "2367"]
[WhiteFideId "322156"]
[BlackFideId "1184989"]
[EventDate "2017.12.15"]
[EventType "blitz"]

1. d4 d6 2. e4 Nf6 3. Nc3 e5 4. Nf3 Nbd7 5. Bc4 Be7 6. O-O O-O 7. Re1 c6 8. a4
b6 9. b3 a6 10. Bb2 Rb8 11. Bd3 b5 12. axb5 axb5 13. Ne2 Qc7 14. Ng3 g6 15. Qd2
Re8 16. h3 Bb7 17. c4 bxc4 18. Bxc4 exd4 19. Nxd4 d5 20. Bd3 Bc5 21. Rac1 Qb6
22. Nf3 Bb4 23. Bc3 Bxc3 24. Qxc3 dxe4 25. Nxe4 Nxe4 26. Bxe4 c5 27. Bxb7 Rxe1+
28. Rxe1 Qxb7 29. Re7 Qd5 30. Qc4 Qd1+ 31. Ne1 Rf8 32. Qd3 Qxd3 33. Nxd3 Rd8 34.
Kf1 Kf8 35. Re3 Rb8 36. Nf4 Rb4 37. Nd5 Rd4 38. Nc3 Rb4 39. Ne4 c4 40. bxc4 Rxc4
41. Nd6 Rc1+ 42. Ke2 Rc2+ 43. Kf3 Rc6 44. Re8+ Kg7 45. Ne4 Nf6 46. Nxf6 1/2-1/2

[Event "European Blitz 2017"]
[Site "Katowice POL"]
[Date "2017.12.15"]
[Round "3.69"]
[White "Arnaudov, G. Petar"]
[Black "Kossobudzki, Robert"]
[Result "1-0"]
[WhiteTitle "GM"]
[WhiteElo "2439"]
[BlackElo "2134"]
[WhiteFideId "2907127"]
[BlackFideId "1107887"]
[EventDate "2017.12.15"]
[EventType "blitz"]

1. Nf3 b5 2. g3 Bb7 3. Bg2 Nf6 4. O-O e6 5. a4 b4 6. d3 Be7 7. e4 d6 8. a5 O-O
9. c3 c5 10. Nbd2 a6 11. Re1 Nfd7 12. d4 Nc6 13. Qa4 Qc7 14. Nc4 Rfe8 15. d5 Na7
16. dxe6 fxe6 17. e5 d5 18. Nd6 Bxd6 19. exd6 Qxd6 20. Qc2 Nc6 21. Bf4 e5 22.
Bd2 Rac8 23. Rad1 Nxa5 24. cxb4 cxb4 25. Qa4 Nc4 26. Bc1 Qc6 27. Qb3 a5 28. Ng5
Nf6 29. Be3 h6 30. Nf3 a4 31. Qxb4 Nxe3 32. Rxe3 d4 33. Ree1 Kh8 34. Nh4 Nd5 35.
Qd2 Qd7 36. Ng6+ Kg8 37. Nxe5 Nf6 38. Nxd7 Bxg2 39. Nxf6+ gxf6 40. Rxe8+ Rxe8
41. Kxg2 1-0

[Event "European Blitz 2017"]
[Site "Katowice POL"]
[Date "2017.12.15"]
[Round "3.70"]
[White "Marczuk, Dominik"]
[Black "Kazakovskiy, Valeriy"]
[Result "0-1"]
[BlackTitle "IM"]
[WhiteElo "2278"]
[BlackElo "2422"]
[WhiteFideId "1111264"]
[BlackFideId "13507443"]
[EventDate "2017.12.15"]
[EventType "blitz"]

1. e4 e5 2. Nf3 Nc6 3. Bc4 Nf6 4. d3 Be7 5. O-O O-O 6. Bb3 d6 7. c3 Na5 8. Bc2
c5 9. h3 Nc6 10. Nbd2 Re8 11. a3 a6 12. Re1 h6 13. b4 d5 14. Bb2 d4 15. cxd4
cxd4 16. Bb3 Bf8 17. Rc1 Be6 18. Bxe6 Rxe6 19. Qb3 Nd7 20. Rc2 Qb6 21. Rb1 a5
22. b5 a4 23. Qd5 Nf6 24. Qa2 Qxb5 25. Nc4 Qa6 26. Bc1 b5 27. Ncd2 b4 28. Rc4 b3
29. Qb2 Qb5 30. Nf1 Na5 31. Bd2 Nxc4 32. dxc4 Qxc4 33. Rc1 Qb5 34. Ng3 Ree8 35.
Nh4 Rac8 36. Re1 Rc2 0-1

[Event "European Blitz 2017"]
[Site "Katowice POL"]
[Date "2017.12.15"]
[Round "3.71"]
[White "Skliarov, Viktor"]
[Black "Zielinski, Maciej"]
[Result "1-0"]
[WhiteTitle "IM"]
[WhiteElo "2353"]
[BlackElo "2197"]
[WhiteFideId "14106736"]
[BlackFideId "1140817"]
[EventDate "2017.12.15"]
[EventType "blitz"]

1. e4 e5 2. Nc3 Nc6 3. Bc4 Nf6 4. d3 Bc5 5. a3 h6 6. h3 a6 7. Nge2 d6 8. Ng3 Ba7
9. O-O Be6 10. Nd5 Bxd5 11. exd5 Ne7 12. Qf3 Qd7 13. c3 O-O-O 14. b4 h5 15. Bg5
h4 16. Ne4 Nxe4 17. dxe4 f6 18. Be3 Bxe3 19. Qxe3 Kb8 20. Be2 f5 21. c4 fxe4 22.
Bg4 Qe8 23. a4 Qg6 24. b5 a5 25. b6 c5 26. Qc3 Nc8 27. Qxa5 Nxb6 28. Qxb6 1-0

[Event "European Blitz 2017"]
[Site "Katowice POL"]
[Date "2017.12.15"]
[Round "3.72"]
[White "Jazdanovs, Aleksandrs"]
[Black "Zorko, Jure"]
[Result "0-1"]
[BlackTitle "IM"]
[WhiteElo "2218"]
[BlackElo "2457"]
[WhiteFideId "11604492"]
[BlackFideId "14604051"]
[EventDate "2017.12.15"]
[EventType "blitz"]

1. e4 e5 2. Nf3 Nc6 3. Bb5 Nf6 4. d3 Bc5 5. Bxc6 dxc6 6. O-O Nd7 7. Be3 Bd6 8.
Nbd2 O-O 9. Ne1 Nc5 10. f4 exf4 11. Bxf4 Bxf4 12. Rxf4 Qd4+ 13. Kh1 Qxb2 14. Nc4
Qd4 15. Nf3 Qd8 16. Qe1 Be6 17. Ne3 Qd6 18. e5 Qe7 19. Qg3 f6 20. Rf1 fxe5 21.
Nxe5 Rxf4 22. Rxf4 Rf8 23. d4 Nd7 24. Nd3 Bxa2 25. c4 Bb1 26. Ne5 Nxe5 27. dxe5
a5 28. Qf2 Rxf4 29. Qxf4 a4 30. Ng4 a3 31. h4 a2 32. Nf6+ gxf6 33. exf6 Qe1+ 34.
Kh2 a1=Q 35. f7+ Kf8 0-1

[Event "European Blitz 2017"]
[Site "Katowice POL"]
[Date "2017.12.15"]
[Round "3.73"]
[White "Stocek, Jiri"]
[Black "Rozycki, Bartlomiej"]
[Result "1-0"]
[WhiteTitle "GM"]
[WhiteElo "2566"]
[BlackElo "2134"]
[WhiteFideId "304760"]
[BlackFideId "1106996"]
[EventDate "2017.12.15"]
[EventType "blitz"]

1. d4 Nf6 2. Bf4 e6 3. e3 d5 4. c4 c6 5. Nc3 Bd6 6. Bg3 O-O 7. Rc1 Re8 8. Nf3
Bxg3 9. hxg3 Nbd7 10. Bd3 e5 11. dxe5 Nxe5 12. cxd5 cxd5 13. Bb5 Bd7 14. Nxe5
Rxe5 15. Qd4 Re6 16. Bd3 Be8 17. g4 h6 18. Kf1 Ne4 19. Nxd5 Nf6 20. Nc7 Rc8 21.
Qxd8 Rxd8 22. Nxe6 Rxd3 23. Nc5 Rd2 24. g3 Bb5+ 25. Kg1 Nxg4 26. Rh4 Nxf2 27.
Rh2 Nd3 28. Rxd2 Nxc1 29. Kf2 Nxa2 30. Nxb7 Nb4 31. Rd8+ Kh7 32. Nd6 a6 33. Nxb5
axb5 34. Rd4 Nc6 35. Rd5 b4 36. Rb5 Kg6 37. Ke2 f5 38. Rb6 1-0

[Event "European Blitz 2017"]
[Site "Katowice POL"]
[Date "2017.12.15"]
[Round "3.74"]
[White "Mulawa, Maksymilian"]
[Black "Pulpan, Jakub"]
[Result "0-1"]
[BlackTitle "IM"]
[WhiteElo "2085"]
[BlackElo "2400"]
[WhiteFideId "1116177"]
[BlackFideId "302759"]
[EventDate "2017.12.15"]
[EventType "blitz"]

1. d4 Nf6 2. c4 e6 3. Nc3 Bb4 4. Nf3 O-O 5. Qc2 c5 6. e3 cxd4 7. exd4 d5 8. Bg5
h6 9. Bh4 Nc6 10. a3 Be7 11. Rd1 b6 12. Be2 dxc4 13. Bxc4 Nd5 14. Bxe7 Ncxe7 15.
O-O Bb7 16. Ne5 Rc8 17. Ba2 Nf5 18. Qd3 Nf4 19. Qd2 Nxg2 20. f3 Nge3 21. Ne4 0-1

[Event "European Blitz 2017"]
[Site "Katowice POL"]
[Date "2017.12.15"]
[Round "3.75"]
[White "Gdanski, Jacek"]
[Black "Chylewski, Patryk"]
[Result "1-0"]
[WhiteTitle "GM"]
[WhiteElo "2458"]
[BlackElo "2213"]
[WhiteFideId "1100106"]
[BlackFideId "1186191"]
[EventDate "2017.12.15"]
[EventType "blitz"]

1. e4 e5 2. Nf3 Nc6 3. Bb5 a6 4. Bxc6 dxc6 5. O-O f6 6. d4 exd4 7. Nxd4 c5 8.
Ne2 Qxd1 9. Rxd1 Bd7 10. Nbc3 O-O-O 11. Be3 Bd6 12. Bf4 Bxf4 13. Nxf4 Ne7 14.
Ncd5 Nxd5 15. Nxd5 Rhe8 16. f3 f5 17. Nc3 fxe4 18. Nxe4 Bf5 19. Rxd8+ Rxd8 20.
Nxc5 Bxc2 21. Re1 Bg6 22. Re2 a5 23. Kf2 b6 24. Ne6 Rd7 25. g4 Bf7 26. a3 Bxe6
27. Rxe6 Rd2+ 28. Re2 Rxe2+ 29. Kxe2 Kd7 30. Ke3 Kd6 31. Ke4 b5 32. f4 c5 33. h4
Ke6 34. f5+ Kd6 35. g5 b4 36. a4 c4 37. Kd4 c3 38. bxc3 b3 39. Kd3 Ke5 40. c4
Kxf5 41. Kc3 h6 42. gxh6 gxh6 43. Kxb3 Ke4 44. Kc3 Ke5 45. h5 Ke4 46. Kc2 Kd4
47. Kb3 Ke5 48. Kc3 Ke4 49. c5 Kd5 50. c6 Kxc6 51. Kc4 Kb6 52. Kd5 Kc7 53. Kc5
Kb7 54. Kb5 Ka7 55. Kxa5 Kb7 56. Kb5 Ka7 57. Kc5 Ka6 58. Kd6 Ka5 59. Ke6 Kxa4
60. Kf6 Kb5 61. Kg6 Kc6 62. Kxh6 Kd7 63. Kg7 1-0

[Event "European Blitz 2017"]
[Site "Katowice POL"]
[Date "2017.12.15"]
[Round "3.76"]
[White "Linik, Yaron"]
[Black "Polzin, Rainer"]
[Result "0-1"]
[BlackTitle "GM"]
[WhiteElo "2119"]
[BlackElo "2404"]
[WhiteFideId "2805995"]
[BlackFideId "4610741"]
[EventDate "2017.12.15"]
[EventType "blitz"]

1. e4 g6 2. d4 Bg7 3. Nf3 d6 4. Nc3 a6 5. Be3 b5 6. a3 Bb7 7. Qd2 Nd7 8. Bd3 c5
9. O-O cxd4 10. Bxd4 Ngf6 11. Rfe1 O-O 12. Be3 Ng4 13. Bf4 Rc8 14. h3 Nge5 15.
Nxe5 Nxe5 16. Bh6 Qb6 17. Nd5 Bxd5 18. exd5 Nxd3 19. cxd3 Rc7 20. Bxg7 Kxg7 21.
Rac1 Rfc8 22. Rc3 Qd4 23. Rxe7 Rxc3 24. bxc3 Rxc3 25. Re4 Qxd3 26. Qf4 Qxd5 27.
Re7 Rxa3 28. Rd7 Ra1+ 29. Kh2 Rd1 30. h4 h5 31. Ra7 Ra1 32. Qe3 Qe5+ 33. Qxe5+
dxe5 34. Re7 b4 35. Rxe5 b3 36. Re2 a5 37. Rb2 a4 38. Kg3 Ra2 39. Rb1 b2 0-1

[Event "European Blitz 2017"]
[Site "Katowice POL"]
[Date "2017.12.15"]
[Round "3.77"]
[White "Luch, Michal"]
[Black "George, Matthew P"]
[Result "1-0"]
[WhiteTitle "IM"]
[WhiteElo "2398"]
[BlackElo "2013"]
[WhiteFideId "1120042"]
[BlackFideId "407763"]
[EventDate "2017.12.15"]
[EventType "blitz"]

1. e4 e5 2. Nf3 Nf6 3. d4 d6 4. c4 Nbd7 5. Nc3 Be7 6. Be2 c6 7. O-O O-O 8. h3
Qc7 9. Be3 a6 10. d5 Re8 11. Nd2 Bf8 12. Rc1 c5 13. a3 b6 14. b4 Rb8 15. Qa4 g6
16. Rb1 Bg7 17. Nb3 Nf8 18. bxc5 bxc5 19. Nd2 Bd7 20. Qxa6 Ra8 21. Qb6 Rec8 22.
Qxc7 Rxc7 23. Rb6 Ne8 24. Ndb1 f5 25. f3 Rca7 26. Rc1 h5 27. Rc2 Kh7 28. Rcb2
Bh6 29. Bxh6 Kxh6 30. h4 g5 31. hxg5+ Kxg5 32. Rb7 h4 33. Rxa7 Rxa7 34. Bd3 Ng6
35. exf5 Bxf5 36. Bxf5 Kxf5 37. Ne4 Nf4 38. Rb8 Re7 39. Rxe8 Rxe8 40. Nxd6+ 1-0

[Event "European Blitz 2017"]
[Site "Katowice POL"]
[Date "2017.12.15"]
[Round "3.78"]
[White "Kaatiala, Pekka"]
[Black "Kanarek, Marcel"]
[Result "0-1"]
[BlackTitle "GM"]
[WhiteElo "1998"]
[BlackElo "2505"]
[WhiteFideId "506800"]
[BlackFideId "1126822"]
[EventDate "2017.12.15"]
[EventType "blitz"]

1. e4 c5 2. Nf3 Nc6 3. d3 g6 4. g3 Bg7 5. Bg2 e6 6. O-O Nge7 7. Nbd2 O-O 8. Re1
b6 9. c3 Bb7 10. Nf1 f5 11. Qe2 Qc7 12. e5 Rae8 13. d4 cxd4 14. cxd4 Nb4 15. Ne3
Ned5 16. Rd1 Ba6 17. Qd2 Nxe3 18. fxe3 Nd5 19. Ne1 Bh6 20. Bxd5 exd5 21. Qc3
Qxc3 22. bxc3 d6 23. exd6 Bxe3+ 24. Bxe3 Rxe3 25. Ng2 Re6 26. Re1 Rxd6 27. Re7
Rf7 28. Rae1 Rc6 29. Re8+ Kg7 30. R1e3 g5 31. h4 h6 32. Kf2 Bc4 33. a3 Bb5 34.
Ke1 Ba4 35. Kd2 Bb5 36. Ke1 Ba6 37. Kd2 Kf6 38. Rh8 Kg7 39. Rhe8 Bb5 40. R3e5
Bc4 41. Re3 b5 42. R8e5 Ra6 43. Rf3 Rxa3 44. Ke1 Ra1+ 45. Kf2 Rf1+ 46. Ke3 Rxf3+
47. Kxf3 a5 48. g4 a4 49. gxf5 a3 50. Kg4 a2 51. Re1 Ra7 52. hxg5 a1=Q 53. gxh6+
Kxh6 54. Re6+ Kh7 55. Nf4 Qg1+ 56. Kh4 Qh2+ 57. Nh3 Bf1 58. Re3 Bxh3 0-1

[Event "European Blitz 2017"]
[Site "Katowice POL"]
[Date "2017.12.15"]
[Round "3.79"]
[White "Brodowski, Piotr"]
[Black "Smierzchalski, Dawid"]
[Result "1-0"]
[WhiteTitle "IM"]
[WhiteElo "2430"]
[BlackElo "2054"]
[WhiteFideId "1124480"]
[BlackFideId "1127349"]
[EventDate "2017.12.15"]
[EventType "blitz"]

1. g3 c5 2. Bg2 Nc6 3. c4 Nf6 4. Nc3 e6 5. e4 d6 6. Nge2 Be7 7. O-O a6 8. d4
cxd4 9. Nxd4 Qc7 10. b3 O-O 11. h3 Bd7 12. Be3 b6 13. Rc1 Nxd4 14. Bxd4 Bc6 15.
Nd5 Bxd5 16. cxd5 Qb7 17. dxe6 d5 18. exd5 Bd6 19. Rc6 1-0

[Event "European Blitz 2017"]
[Site "Katowice POL"]
[Date "2017.12.15"]
[Round "3.80"]
[White "Slipchuk, Evgeniy"]
[Black "Berchtenbreiter, Maximilian"]
[Result "0-1"]
[BlackTitle "IM"]
[WhiteElo "2013"]
[BlackElo "2387"]
[WhiteFideId "14140730"]
[BlackFideId "24641120"]
[EventDate "2017.12.15"]
[EventType "blitz"]

1. d4 Nf6 2. c4 a6 3. Nc3 c5 4. Nf3 e6 5. Bf4 b5 6. dxc5 Bxc5 7. e3 bxc4 8. Bxc4
d5 9. Bd3 O-O 10. O-O Bb7 11. Rc1 Nbd7 12. Na4 Be7 13. Bc7 Qe8 14. Nb6 Nxb6 15.
Bxb6 Bd6 16. Bc5 Qe7 17. Bxd6 Qxd6 18. Nd4 g6 19. Nb3 Rab8 20. Qe2 Nd7 21. e4
Ne5 22. exd5 Qxd5 23. f3 Nxd3 24. Rfd1 Nxc1 25. Nxc1 Qc5+ 26. Kh1 Rfd8 27. Nd3
Qb5 28. a4 Qxa4 29. Nf2 Rxd1+ 30. Nxd1 Rd8 0-1

[Event "European Blitz 2017"]
[Site "Katowice POL"]
[Date "2017.12.15"]
[Round "3.81"]
[White "Kruszynski, Wlodzimierz"]
[Black "Pultinevicius, Paulius"]
[Result "1-0"]
[WhiteTitle "IM"]
[BlackTitle "IM"]
[WhiteElo "2313"]
[BlackElo "2371"]
[WhiteFideId "1100670"]
[BlackFideId "12809390"]
[EventDate "2017.12.15"]
[EventType "blitz"]

1. e4 c5 2. Nf3 d6 3. Bb5+ Nd7 4. O-O g6 5. Re1 Bg7 6. c3 Nf6 7. d4 cxd4 8. cxd4
O-O 9. Nc3 a6 10. Ba4 Nb6 11. Bb3 Bg4 12. h3 Bxf3 13. Qxf3 Nfd7 14. Be3 Rc8 15.
Rad1 Nc4 16. Bc1 b5 17. Re2 e6 18. Qd3 Qb6 19. Kh1 Rc7 20. f4 Rfc8 21. f5 Nf6
22. fxe6 fxe6 23. Rf2 Rf7 24. Rdf1 Rcf8 25. Bxc4 bxc4 26. Qxc4 Re8 27. e5 dxe5
28. dxe5 Nh5 29. Rxf7 Bxe5 30. R7f3 Ng3+ 31. Rxg3 Bxg3 32. Ne4 Be5 33. Qc5 Qxc5
34. Nxc5 Rc8 35. Nxe6 h5 36. b3 Rc2 37. Bf4 Bf6 38. Be3 Be5 39. Bd4 Bxd4 1-0

[Event "European Blitz 2017"]
[Site "Katowice POL"]
[Date "2017.12.15"]
[Round "3.82"]
[White "Valsecchi, Alessio"]
[Black "Swiatek, Bartosz"]
[Result "1-0"]
[WhiteTitle "IM"]
[WhiteElo "2501"]
[BlackElo "2022"]
[WhiteFideId "818860"]
[BlackFideId "1116533"]
[EventDate "2017.12.15"]
[EventType "blitz"]

1. Nf3 Nf6 2. c4 g6 3. Nc3 Bg7 4. g3 O-O 5. Bg2 d6 6. d4 Nc6 7. O-O a6 8. d5 Na5
9. b3 c5 10. dxc6 bxc6 11. Bd2 Rb8 12. Qc1 Re8 13. Rd1 c5 14. Bh6 Bh8 15. h3 Bb7
16. Qe3 Nc6 17. Rac1 Qa5 18. Qd2 Nd7 19. Nd5 Qxd2 20. Bxd2 Nf6 21. Bc3 Nxd5 22.
cxd5 Na7 23. Bxh8 Kxh8 24. e4 Nb5 25. Bf1 Kg7 26. a4 Na7 27. Bc4 a5 28. Nd2 Nc8
29. Bb5 Rd8 30. Nc4 Ra8 31. e5 Ba6 32. Bc6 Ra7 33. Nxa5 Be2 34. Rd2 Rxa5 35.
Rxe2 Na7 36. exd6 exd6 37. Re7 Nxc6 38. dxc6 Rc8 39. c7 Ra7 40. Rd7 Raxc7 41.
Rxd6 Rb7 42. Rd3 Rb4 43. Rdc3 Rcb8 44. Rxc5 Rxb3 45. Kg2 Ra3 46. h4 Rxa4 47. h5
Rb2 48. R1c3 h6 1-0

[Event "European Blitz 2017"]
[Site "Katowice POL"]
[Date "2017.12.15"]
[Round "3.83"]
[White "Hosek, Martin"]
[Black "Maier, Christian"]
[Result "0-1"]
[BlackTitle "IM"]
[WhiteElo "2120"]
[BlackElo "2393"]
[WhiteFideId "345652"]
[BlackFideId "4601955"]
[EventDate "2017.12.15"]
[EventType "blitz"]

1. d4 Nf6 2. c4 g6 3. Nc3 Bg7 4. e4 d6 5. f3 O-O 6. Be3 e5 7. Nge2 Re8 8. Qd2 a6
9. d5 c5 10. g4 b5 11. cxb5 axb5 12. Nxb5 Ba6 13. Nec3 Re7 14. Be2 Rb7 15. a4
Ne8 16. O-O Nd7 17. Rfb1 Bf8 18. b4 cxb4 19. Rxb4 f5 20. gxf5 gxf5 21. Kh1 f4
22. Bf2 Nc5 23. Bxc5 dxc5 24. Rb2 Kh8 25. Rab1 Rg7 26. Na3 Bc8 27. Nc4 Qg5 28.
Bd3 Bh3 29. Rb7 Bg2+ 30. Kg1 Bxf3+ 31. Kf2 Qg2+ 32. Ke1 Qg1+ 33. Bf1 Rg2 0-1

[Event "European Blitz 2017"]
[Site "Katowice POL"]
[Date "2017.12.15"]
[Round "3.84"]
[White "Djuric, Stefan"]
[Black "Lapczynski, Artur"]
[Result "1-0"]
[WhiteTitle "GM"]
[WhiteElo "2383"]
[BlackElo "2050"]
[WhiteFideId "900133"]
[BlackFideId "1112775"]
[EventDate "2017.12.15"]
[EventType "blitz"]

1. e4 c5 2. Nf3 Nc6 3. c3 e5 4. Bc4 Nf6 5. Ng5 d5 6. exd5 Nxd5 7. d4 Be7 8. h4
h6 9. Qf3 Be6 10. Nxe6 fxe6 11. Qh5+ Kd7 12. dxe5 Qc7 13. f4 Rhf8 14. Na3 a6 15.
Qg4 Nxe5 16. fxe5 Qxe5+ 17. Be2 Nf4 18. Bxf4 Rxf4 19. Nc4 Qf6 20. Qg3 b5 21.
Nb6+ Kc6 22. Nxa8 Bd6 23. Bf3+ Kd7 24. O-O-O Ke7 25. Rxd6 Kxd6 26. Rd1+ Ke7 27.
Nb6 Rf5 28. Qc7+ Kf8 29. Nd7+ 1-0

[Event "European Blitz 2017"]
[Site "Katowice POL"]
[Date "2017.12.15"]
[Round "3.85"]
[White "Miezis, Normunds"]
[Black "Kozak, Antoni"]
[Result "1-0"]
[WhiteTitle "GM"]
[WhiteElo "2434"]
[BlackElo "2076"]
[WhiteFideId "11600136"]
[BlackFideId "21832030"]
[EventDate "2017.12.15"]
[EventType "blitz"]

1. c4 c5 2. Nc3 Nf6 3. e4 d6 4. g3 b6 5. Bg2 Bb7 6. Nge2 e6 7. O-O Be7 8. e5
Bxg2 9. exf6 Bxf1 10. fxe7 Qxe7 11. Kxf1 Nc6 12. d4 O-O 13. d5 Ne5 14. b3 Qf6
15. Bf4 Ng4 16. h3 e5 17. hxg4 exf4 18. gxf4 Rae8 19. Qd3 Qh4 20. Qf3 Qh2 21.
Qg2 Qh4 22. Kg1 Re7 23. Qg3 Qf6 24. Rc1 Rfe8 25. Kf1 a6 26. Ng1 h6 27. Rd1 g6
28. Nce2 Qb2 29. Nc3 Kg7 30. Qd3 Qa3 31. Nf3 Qa5 32. Kg2 b5 33. cxb5 axb5 34.
Nxb5 Qxa2 35. Nxd6 Re2 36. Nxe8+ Kf8 37. Rf1 Kxe8 38. d6 Kd7 39. Ne5+ Kd8 40. d7
Qa8+ 41. Kg3 Rb2 42. Qd6 Rxb3+ 43. f3 1-0

[Event "European Blitz 2017"]
[Site "Katowice POL"]
[Date "2017.12.15"]
[Round "3.87"]
[White "Mikrut, Dariusz"]
[Black "Kolasa, Pjotrs"]
[Result "1-0"]
[WhiteTitle "IM"]
[WhiteElo "2375"]
[BlackElo "2049"]
[WhiteFideId "1112791"]
[BlackFideId "11604255"]
[EventDate "2017.12.15"]
[EventType "blitz"]

1. d4 d5 2. c4 c6 3. Nf3 Nf6 4. e3 e6 5. Nbd2 Nbd7 6. Bd3 Bd6 7. e4 dxe4 8. Nxe4
Nxe4 9. Bxe4 Nf6 10. Bc2 O-O 11. O-O c5 12. Bg5 cxd4 13. Qd3 g6 14. Qxd4 Be7 15.
Qh4 h6 16. Bxh6 Ne8 17. Ng5 Ng7 18. Bxg7 Kxg7 19. Qh7+ Kf6 20. Ne4+ Ke5 21. Rad1
Rh8 22. Qg7+ Bf6 23. f4+ Kf5 24. Nxf6+ 1-0

[Event "European Blitz 2017"]
[Site "Katowice POL"]
[Date "2017.12.15"]
[Round "3.88"]
[White "Sramek, Vojtech"]
[Black "Licznerski, Lukasz"]
[Result "1-0"]
[BlackTitle "FM"]
[WhiteElo "2125"]
[BlackElo "2267"]
[WhiteFideId "358681"]
[BlackFideId "1179250"]
[EventDate "2017.12.15"]
[EventType "blitz"]

1. e4 c6 2. d4 d5 3. e5 c5 4. c3 Nc6 5. Be3 cxd4 6. cxd4 Nh6 7. Nc3 Nf5 8. Nf3
Nxe3 9. fxe3 f6 10. exf6 exf6 11. Bd3 Bb4 12. O-O O-O 13. Qc2 h6 14. Nh4 f5 15.
Nxf5 Bxf5 16. Bxf5 Bxc3 17. bxc3 Qg5 18. Qd3 Rae8 19. Rae1 Re7 20. e4 dxe4 21.
Bxe4 Rfe8 22. Bh7+ Kh8 23. Rxe7 Qxe7 24. Bg6 Rg8 25. h3 Rd8 26. Kh1 Ne5 27. Qe4
Nxg6 28. Qxg6 Qe3 29. Rf7 Rg8 30. Rf3 Qe2 31. a4 Qd1+ 32. Kh2 Qxa4 33. d5 a5 34.
d6 Qb5 35. Qe4 Rd8 36. Qe7 Qd7 37. Rf8+ Rxf8 38. Qxd7 1-0

[Event "European Blitz 2017"]
[Site "Katowice POL"]
[Date "2017.12.15"]
[Round "3.90"]
[White "Jahncke, Giso"]
[Black "Kohut, Anna"]
[Result "1-0"]
[WhiteTitle "FM"]
[WhiteElo "2403"]
[BlackElo "2010"]
[WhiteFideId "24608289"]
[BlackFideId "1119788"]
[EventDate "2017.12.15"]
[EventType "blitz"]

1. Nf3 f5 2. g3 Nf6 3. Bg2 d6 4. d4 g6 5. O-O Bg7 6. c4 O-O 7. Nc3 c6 8. Rb1 Qe8
9. b4 h6 10. b5 Qf7 11. bxc6 Nxc6 12. d5 Ne5 13. Nxe5 dxe5 14. e4 f4 15. c5 Nh5
16. d6 exd6 17. cxd6 f3 18. Bh1 Be6 19. Nd5 Rad8 20. Ne7+ Kh7 21. Rxb7 Qf6 22.
Nd5 Nf4 23. Bxf4 1-0

[Event "European Blitz 2017"]
[Site "Katowice POL"]
[Date "2017.12.15"]
[Round "3.91"]
[White "Michalski, Filip"]
[Black "Sieciechowicz, Marcin"]
[Result "1/2-1/2"]
[BlackTitle "IM"]
[WhiteElo "2089"]
[BlackElo "2387"]
[WhiteFideId "1151371"]
[BlackFideId "1130170"]
[EventDate "2017.12.15"]
[EventType "blitz"]

1. d4 Nf6 2. c4 g6 3. Nc3 d5 4. e3 Bg7 5. Qb3 c6 6. Nf3 O-O 7. Be2 dxc4 8. Bxc4
b5 9. Bd3 a5 10. a3 Be6 11. Qc2 Na6 12. O-O Qb6 13. Bd2 Rac8 14. Rac1 Rfd8 15.
Qb1 Ne8 16. Ne4 Bd5 17. Nc5 Bxf3 18. gxf3 Nxc5 19. Rxc5 e5 20. b4 exd4 21. Rfc1
axb4 22. axb4 Nd6 23. Qb3 Nb7 24. R5c2 dxe3 25. Bxe3 Bd4 26. Be4 Bxe3 27. fxe3
c5 28. bxc5 Rxc5 29. Bxb7 Rxc2 30. Rxc2 Qxb7 31. Kf2 b4 32. Rc4 Rb8 33. Rf4 Qe7
34. Re4 Qf6 35. Rxb4 Rxb4 36. Qxb4 Qg5 37. Qb8+ Kg7 38. Qb2+ Kh6 39. Qd4 Kh5 40.
Qc4 Qf5 41. Qa4 Qh3 42. Qb5+ f5 43. Qb8 Qh4+ 44. Qg3 Qxg3+ 45. hxg3 Kg5 46. Kg2 1/2-1/2

[Event "European Blitz 2017"]
[Site "Katowice POL"]
[Date "2017.12.15"]
[Round "3.93"]
[White "Sinauridze, Simons"]
[Black "Krause, Jonah"]
[Result "0-1"]
[BlackTitle "FM"]
[WhiteElo "2022"]
[BlackElo "2368"]
[WhiteFideId "11604468"]
[BlackFideId "12907910"]
[EventDate "2017.12.15"]
[EventType "blitz"]

1. e4 c5 2. Nf3 e6 3. d3 Nc6 4. g3 Nf6 5. Bg2 d6 6. O-O Be7 7. Re1 Qc7 8. h3 O-O
9. Bf4 e5 10. Be3 h6 11. c3 d5 12. Nh4 Rd8 13. Qe2 Be6 14. f4 c4 15. f5 cxd3 16.
Qxd3 dxe4 17. Qe2 Bc8 18. Nd2 Nd5 19. Nxe4 Bxh4 20. gxh4 Bxf5 21. Qf3 Be6 22.
Nc5 Qe7 23. Nxe6 Qxe6 24. Bf2 f5 25. Rad1 e4 26. Qg3 Kh7 27. Kh1 Nf6 28. Be3
Rxd1 29. Rxd1 Rd8 30. Rf1 Rd3 31. Qf4 Nd5 32. Qxf5+ Qxf5 33. Rxf5 Nxe3 34. Bxe4
Rd1+ 0-1

[Event "European Blitz 2017"]
[Site "Katowice POL"]
[Date "2017.12.15"]
[Round "3.94"]
[White "Reichmann, Hendrik"]
[Black "Kalinin, Oleksandr"]
[Result "1-0"]
[WhiteTitle "FM"]
[WhiteElo "2337"]
[BlackElo "2075"]
[WhiteFideId "4647823"]
[BlackFideId "14137100"]
[EventDate "2017.12.15"]
[EventType "blitz"]

1. d4 Nf6 2. Bf4 b6 3. e3 Bb7 4. Nf3 e6 5. Nbd2 Be7 6. h3 O-O 7. Bd3 c5 8. c3 d6
9. Qe2 Nbd7 10. Bh2 a6 11. a4 b5 12. O-O c4 13. Bc2 d5 14. e4 g6 15. Rfe1 Re8
16. e5 Nh5 17. g4 Ng7 18. Bg3 b4 19. h4 b3 20. Bd1 a5 21. h5 Rf8 22. Nh2 Bc6 23.
f4 Nb6 24. Ndf1 Nxa4 25. Ne3 Nb6 26. Rf1 a4 27. f5 Bg5 28. f6 Ne8 29. Nf3 Bxe3+
30. Qxe3 a3 31. bxa3 b2 32. Rb1 Rxa3 33. Qh6 Rxc3 34. Ng5 1-0